000 00560pam a2200217 a 4500
001 4786108
005 20180109040029.0
008 870527s1988 nju b 001 0 eng
010 _a 87014972
020 _a0138195587
040 _aDLC
_cDLC
_dDLC
041 _aeng
080 _a361.32
082 0 0 _a361.32 CON
_219
100 1 _a50
101 _aSOC
245 1 0 _aSocial work practice /
_cRonda S. Connaway and Martha E. Gentry.
504 _aBibliography: p. 192-202.
906 _a7
_bcbc
_corignew
_d1
_eocip
_f19
_gy-gencatlg
942 _2ddc
_cBK
999 _c39852
_d39852